[Event "15th International Khazar Cup (Masters) 2017"]
[Site "Rasht,Guilan,Iran"]
[Date "2017.01.24"]
[Round "6"]
[Board "1"]
[White "Idani, Pouya"]
[Black "Lorparizangeneh, Shahin"]
[Result "1/2-1/2"]
[WhiteElo "2552"]
[BlackElo "2504"]
[PlyCount "0"]
[EventDate "2017.01.20"]
[EventRounds "9"]
[EventCountry "IRI"]

1. d4 {[%clk 1:30:57]} Nf6 {[%clk 1:26:58]} 2. c4 {[%clk 1:31:23]} e6
{[%clk 1:27:25]} 3. Nc3 {[%clk 1:31:48]} Bb4 {[%clk 1:27:51]} 4. e3
{[%clk 1:32:15]} O-O {[%clk 1:27:59]} 5. Nge2 {[%clk 1:32:40]} d5
{[%clk 1:27:45]} 6. a3 {[%clk 1:33:05]} Bd6 {[%clk 1:27:56]} 7. Ng3
{[%clk 1:33:30]} c6 {[%clk 1:27:06]} 8. Bd2 {[%clk 1:33:49]} Re8 {[%clk 1:23:37]}
9. c5 {[%clk 1:25:12]} Bf8 {[%clk 1:21:07]} 10. f4 {[%clk 1:25:15]} b6
{[%clk 1:19:03]} 11. b4 {[%clk 1:21:24]} a5 {[%clk 1:18:36]} 12. Be2
{[%clk 1:20:47]} Ba6 {[%clk 1:15:10]} 13. O-O {[%clk 1:20:54]} g6
{[%clk 1:13:38]} 14. Bxa6 {[%clk 1:14:58]} Nxa6 {[%clk 1:13:49]} 15. Na4
{[%clk 1:15:27]} Nd7 {[%clk 1:12:48]} 16. Rc1 {[%clk 1:14:59]} axb4
{[%clk 1:02:29]} 17. axb4 {[%clk 1:15:08]} Qb8 {[%clk 1:00:34]} 18. Nh1
{[%clk 1:12:29]} Nc7 {[%clk 0:58:16]} 19. Nf2 {[%clk 1:12:09]} b5
{[%clk 0:54:39]} 20. Nc3 {[%clk 1:04:12]} f5 {[%clk 0:54:06]} 21. Ra1
{[%clk 1:04:04]} Rxa1 {[%clk 0:52:44]} 22. Qxa1 {[%clk 1:04:29]} Qb7
{[%clk 0:53:08]} 23. Qb2 {[%clk 1:04:48]} Ra8 {[%clk 0:53:12]} 24. Ra1
{[%clk 1:05:14]} Rxa1+ {[%clk 0:52:43]} 25. Qxa1 {[%clk 1:05:41]} Qa6
{[%clk 0:52:51]} 26. Qxa6 {[%clk 1:06:04]} Nxa6 {[%clk 0:53:16]} 27. Nd3
{[%clk 1:06:02]} Kf7 {[%clk 0:52:29]} 28. Be1 {[%clk 1:06:18]} Be7
{[%clk 0:52:28]} 29. Na2 {[%clk 1:06:39]} g5 {[%clk 0:46:56]} 30. fxg5
{[%clk 1:05:40]} Bxg5 {[%clk 0:47:24]} 31. Kf2 {[%clk 1:05:41]} Bh4+
{[%clk 0:45:05]} 32. g3 {[%clk 1:05:06]} Bd8 {[%clk 0:44:38]} 33. Nac1
{[%clk 1:03:07]} Bc7 {[%clk 0:44:31]} 34. Bc3 {[%clk 1:03:31]} Nf6
{[%clk 0:44:41]} 35. Kf3 {[%clk 1:03:55]} Ne4 {[%clk 0:43:54]} 36. Be1
{[%clk 1:04:10]} Ng5+ {[%clk 0:40:41]} 37. Ke2 {[%clk 0:56:52]} Ke7
{[%clk 0:40:04]} 38. Nb3 {[%clk 0:57:07]} Ne4 {[%clk 0:38:41]} 39. Kf3
{[%clk 0:57:07]} Ng5+ {[%clk 0:39:04]} 40. Kg2 {[%clk 0:57:31]} Ne4
{[%clk 0:39:09]} 41. h3 {[%clk 0:57:47]} h5 {[%clk 0:26:42]} 42. Nbc1
{[%clk 0:56:35]} Nb8 {[%clk 0:26:33]} 43. Ne2 {[%clk 0:56:20]} Nd7
{[%clk 0:26:32]} 44. Nef4 {[%clk 0:56:28]} Bxf4 {[%clk 0:25:48]} 45. Nxf4
{[%clk 0:55:13]} Nef6 {[%clk 0:25:28]} 46. Kf3 {[%clk 0:53:02]} Nf8
{[%clk 0:24:17]} 47. Bf2 {[%clk 0:51:39]} Kf7 {[%clk 0:24:25]} 48. Be1
{[%clk 0:51:30]} 1/2-1/2

[Event "15th International Khazar Cup (Masters) 2017"]
[Site "Rasht,Guilan,Iran"]
[Date "2017.01.24"]
[Round "6"]
[Board "2"]
[White "Ghaem Maghami, Ehsan"]
[Black "Berkes, Ferenc"]
[Result "1/2-1/2"]
[WhiteElo "2574"]
[BlackElo "2648"]
[PlyCount "0"]
[EventDate "2017.01.20"]
[EventRounds "9"]
[EventCountry "IRI"]

1. e4 {[%clk 1:26:14]} c6 {[%clk 1:29:29]} 2. Nf3 {[%clk 1:24:41]} d5
{[%clk 1:29:52]} 3. Nc3 {[%clk 1:25:10]} dxe4 {[%clk 1:29:09]} 4. Nxe4
{[%clk 1:24:06]} Nf6 {[%clk 1:29:34]} 5. Nxf6+ {[%clk 1:24:00]} exf6
{[%clk 1:29:56]} 6. d4 {[%clk 1:19:10]} Bd6 {[%clk 1:30:20]} 7. Bd3
{[%clk 1:19:19]} O-O {[%clk 1:30:42]} 8. O-O {[%clk 1:19:45]} Bg4
{[%clk 1:29:47]} 9. h3 {[%clk 1:20:02]} Bh5 {[%clk 1:30:12]} 10. Be4
{[%clk 1:20:31]} Re8 {[%clk 1:29:33]} 11. Qd3 {[%clk 1:20:40]} Bg6
{[%clk 1:29:46]} 12. Bxg6 {[%clk 1:20:44]} hxg6 {[%clk 1:30:11]} 13. Bd2
{[%clk 1:20:48]} Nd7 {[%clk 1:30:32]} 1/2-1/2

[Event "15th International Khazar Cup (Masters) 2017"]
[Site "Rasht,Guilan,Iran"]
[Date "2017.01.24"]
[Round "6"]
[Board "3"]
[White "Tabatabaei, M.Amin"]
[Black "Korneev, Oleg"]
[Result "1-0"]
[WhiteElo "2493"]
[BlackElo "2598"]
[PlyCount "0"]
[EventDate "2017.01.20"]
[EventRounds "9"]
[EventCountry "IRI"]

1. d4 {[%clk 1:27:59]} d5 {[%clk 1:30:28]} 2. c4 {[%clk 1:28:21]} c6
{[%clk 1:30:50]} 3. Nf3 {[%clk 1:24:26]} Nf6 {[%clk 1:31:17]} 4. Nc3
{[%clk 1:23:49]} e6 {[%clk 1:29:01]} 5. g3 {[%clk 1:23:49]} Nbd7 {[%clk 1:29:15]}
6. Bg2 {[%clk 1:24:11]} Be7 {[%clk 1:28:45]} 7. O-O {[%clk 1:24:32]} O-O
{[%clk 1:27:45]} 8. b3 {[%clk 1:22:52]} b6 {[%clk 1:28:01]} 9. Bb2
{[%clk 1:21:21]} Bb7 {[%clk 1:25:07]} 10. Nd2 {[%clk 1:20:36]} c5
{[%clk 1:21:16]} 11. dxc5 {[%clk 1:17:59]} Nxc5 {[%clk 1:01:01]} 12. cxd5
{[%clk 1:00:26]} Nxd5 {[%clk 0:48:22]} 13. Nxd5 {[%clk 0:58:49]} Bxd5
{[%clk 0:46:44]} 14. e4 {[%clk 0:59:00]} Bb7 {[%clk 0:46:48]} 15. Qg4
{[%clk 0:59:10]} f6 {[%clk 0:39:59]} 16. Rfd1 {[%clk 0:58:06]} Qc8
{[%clk 0:26:57]} 17. Rac1 {[%clk 0:45:55]} e5 {[%clk 0:27:19]} 18. Qf3
{[%clk 0:45:30]} a5 {[%clk 0:22:22]} 19. Bf1 {[%clk 0:37:19]} Kh8
{[%clk 0:20:26]} 20. Bc4 {[%clk 0:37:33]} f5 {[%clk 0:08:11]} 21. Bxe5
{[%clk 0:26:24]} fxe4 {[%clk 0:08:33]} 22. Qc3 {[%clk 0:26:50]} Bf6
{[%clk 0:08:55]} 23. Nf1 {[%clk 0:25:53]} Qf5 {[%clk 0:08:02]} 24. Bxf6
{[%clk 0:25:03]} Rxf6 {[%clk 0:08:29]} 25. Rd2 {[%clk 0:24:35]} Nd3
{[%clk 0:04:52]} 26. Bxd3 {[%clk 0:23:51]} exd3 {[%clk 0:05:20]} 27. Qxd3
{[%clk 0:24:01]} Be4 {[%clk 0:02:59]} 28. Qe3 {[%clk 0:23:35]} h6
{[%clk 0:03:01]} 29. h3 {[%clk 0:16:39]} Re8 {[%clk 0:02:59]} 30. g4
{[%clk 0:16:51]} Qb5 {[%clk 0:01:15]} 31. a4 {[%clk 0:16:23]} Qa6
{[%clk 0:00:47]} 32. Ng3 {[%clk 0:13:07]} Bg6 {[%clk 0:00:49]} 33. Qxe8+
{[%clk 0:11:40]} Bxe8 {[%clk 0:01:16]} 34. Rd8 {[%clk 0:12:05]} Re6
{[%clk 0:00:00]} 1-0

[Event "15th International Khazar Cup (Masters) 2017"]
[Site "Rasht,Guilan,Iran"]
[Date "2017.01.24"]
[Round "6"]
[Board "4"]
[White "Tarlev, Konstantin"]
[Black "Alavi, Sayed Javad"]
[Result "1/2-1/2"]
[WhiteElo "2592"]
[BlackElo "2453"]
[PlyCount "0"]
[EventDate "2017.01.20"]
[EventRounds "9"]
[EventCountry "IRI"]

1. d4 {[%clk 1:30:58]} Nf6 {[%clk 1:30:52]} 2. Nf3 {[%clk 1:30:55]} e6
{[%clk 1:31:06]} 3. c4 {[%clk 1:31:06]} d5 {[%clk 1:30:59]} 4. g3
{[%clk 1:31:12]} Bb4+ {[%clk 1:30:16]} 5. Nbd2 {[%clk 1:31:19]} O-O
{[%clk 1:30:32]} 6. Bg2 {[%clk 1:30:46]} b6 {[%clk 1:30:41]} 7. O-O
{[%clk 1:28:31]} Bb7 {[%clk 1:30:39]} 8. b3 {[%clk 1:19:32]} c5 {[%clk 1:22:44]}
9. Bb2 {[%clk 1:14:43]} cxd4 {[%clk 1:12:19]} 10. Nxd4 {[%clk 1:12:54]} Nc6
{[%clk 1:12:25]} 11. a3 {[%clk 1:02:36]} Be7 {[%clk 1:12:17]} 12. Nxc6
{[%clk 1:00:38]} Bxc6 {[%clk 1:12:45]} 13. cxd5 {[%clk 1:00:57]} Bxd5
{[%clk 1:11:44]} 14. e4 {[%clk 0:58:59]} Bb7 {[%clk 1:11:26]} 15. e5
{[%clk 0:53:00]} Nd5 {[%clk 1:10:47]} 16. Ne4 {[%clk 0:46:25]} Rc8
{[%clk 1:05:41]} 17. Qe2 {[%clk 0:45:48]} Qd7 {[%clk 0:44:57]} 18. Rfd1
{[%clk 0:42:33]} Rfd8 {[%clk 0:42:50]} 19. Rd2 {[%clk 0:32:59]} Kh8
{[%clk 0:39:23]} 20. h4 {[%clk 0:22:29]} Qe8 {[%clk 0:37:21]} 21. h5
{[%clk 0:22:48]} h6 {[%clk 0:36:39]} 22. Kh2 {[%clk 0:17:40]} Qf8
{[%clk 0:35:48]} 23. f4 {[%clk 0:13:59]} a5 {[%clk 0:30:09]} 24. Rf1 1/2-1/2

[Event "15th International Khazar Cup (Masters) 2017"]
[Site "Rasht,Guilan,Iran"]
[Date "2017.01.24"]
[Round "6"]
[Board "5"]
[White "Gholami, Aryan"]
[Black "Pourramezanali, Amirreza"]
[Result "1/2-1/2"]
[WhiteElo "2426"]
[BlackElo "2496"]
[PlyCount "0"]
[EventDate "2017.01.20"]
[EventRounds "9"]
[EventCountry "IRI"]

1. c4 {[%clk 1:30:22]} g6 {[%clk 1:29:22]} 2. Nc3 {[%clk 1:30:39]} Bg7
{[%clk 1:29:48]} 3. g3 {[%clk 1:30:52]} c5 {[%clk 1:29:11]} 4. Bg2
{[%clk 1:30:59]} Nc6 {[%clk 1:29:36]} 5. e3 {[%clk 1:30:19]} Nh6 {[%clk 1:27:39]}
6. Nge2 {[%clk 1:30:27]} Nf5 {[%clk 1:28:06]} 7. O-O {[%clk 1:28:45]} h5
{[%clk 1:28:27]} 8. h3 {[%clk 1:28:21]} d6 {[%clk 1:24:39]} 9. a3
{[%clk 1:26:03]} Bd7 {[%clk 1:22:00]} 10. b4 {[%clk 1:20:59]} Qc8
{[%clk 1:20:47]} 11. bxc5 {[%clk 1:05:34]} dxc5 {[%clk 1:20:48]} 12. d3
{[%clk 1:04:38]} Nd6 {[%clk 0:55:02]} 13. Kh2 {[%clk 0:55:19]} O-O
{[%clk 0:53:17]} 1/2-1/2

[Event "15th International Khazar Cup (Masters) 2017"]
[Site "Rasht,Guilan,Iran"]
[Date "2017.01.24"]
[Round "6"]
[Board "6"]
[White "Sargissian, Gabriel"]
[Black "Hakemi, Arman"]
[Result "1-0"]
[WhiteElo "2667"]
[BlackElo "2366"]
[PlyCount "0"]
[EventDate "2017.01.20"]
[EventRounds "9"]
[EventCountry "IRI"]

1. c4 {[%clk 1:30:57]} e6 {[%clk 1:26:42]} 2. Nc3 {[%clk 1:30:39]} d5
{[%clk 1:26:35]} 3. d4 {[%clk 1:31:02]} Nf6 {[%clk 1:26:46]} 4. cxd5
{[%clk 1:30:37]} exd5 {[%clk 1:27:00]} 5. Bg5 {[%clk 1:31:03]} c6
{[%clk 1:27:22]} 6. e3 {[%clk 1:31:11]} Bf5 {[%clk 1:27:11]} 7. Qf3
{[%clk 1:30:50]} Bg6 {[%clk 1:27:21]} 8. Bxf6 {[%clk 1:31:10]} Qxf6
{[%clk 1:27:43]} 9. Qxf6 {[%clk 1:31:35]} gxf6 {[%clk 1:28:02]} 10. Nf3
{[%clk 1:28:25]} Nd7 {[%clk 1:27:48]} 11. Nh4 {[%clk 1:28:40]} Be7
{[%clk 1:27:41]} 12. Ne2 {[%clk 1:27:53]} f5 {[%clk 1:24:05]} 13. Nf3
{[%clk 1:24:00]} O-O-O {[%clk 1:20:17]} 14. g3 {[%clk 1:15:08]} Nf6
{[%clk 1:15:51]} 15. Nf4 {[%clk 1:12:26]} Ne4 {[%clk 1:15:46]} 16. h4
{[%clk 1:10:04]} h5 {[%clk 1:08:36]} 17. Ne5 {[%clk 1:10:23]} Rdg8
{[%clk 0:58:28]} 18. Rc1 {[%clk 1:09:46]} Kb8 {[%clk 0:41:59]} 19. a3
{[%clk 0:59:00]} Bd6 {[%clk 0:31:28]} 20. Bh3 {[%clk 0:52:43]} Bc7
{[%clk 0:26:43]} 21. Ned3 {[%clk 0:52:33]} Nd6 {[%clk 0:24:55]} 22. Ke2
{[%clk 0:51:04]} Re8 {[%clk 0:24:53]} 23. Ne5 {[%clk 0:47:17]} Nb5
{[%clk 0:21:55]} 24. Nf3 {[%clk 0:42:58]} Rhg8 {[%clk 0:18:20]} 25. Nd3
{[%clk 0:42:01]} f6 {[%clk 0:17:54]} 26. Rhg1 {[%clk 0:37:21]} Nd6
{[%clk 0:17:32]} 27. Nf4 {[%clk 0:36:17]} Re7 {[%clk 0:16:34]} 28. Nxg6
{[%clk 0:33:20]} Rxg6 {[%clk 0:16:58]} 29. Rc2 {[%clk 0:29:12]} Rgg7
{[%clk 0:16:42]} 30. Kd1 {[%clk 0:28:56]} Bb6 {[%clk 0:15:36]} 31. Rf1
{[%clk 0:26:28]} Kc7 {[%clk 0:14:17]} 32. Ne1 {[%clk 0:25:47]} Kd8
{[%clk 0:11:47]} 33. Nd3 {[%clk 0:25:36]} Rh7 {[%clk 0:11:41]} 34. Nf4
{[%clk 0:25:39]} Bc7 {[%clk 0:11:54]} 35. a4 {[%clk 0:23:11]} Rh6
{[%clk 0:11:15]} 36. Ke2 {[%clk 0:23:23]} Bb6 {[%clk 0:11:06]} 37. Kf3
{[%clk 0:23:40]} Ke8 {[%clk 0:10:51]} 38. b4 {[%clk 0:23:36]} a6 {[%clk 0:11:13]}
39. Rb1 {[%clk 0:23:05]} Nc4 {[%clk 0:08:26]} 40. Rb3 {[%clk 0:22:48]} Bc7
{[%clk 0:04:27]} 41. Bxf5 {[%clk 0:22:51]} Kf7 {[%clk 0:04:11]} 42. b5
{[%clk 0:21:28]} Bxf4 {[%clk 0:04:36]} 43. Kxf4 {[%clk 0:21:30]} cxb5
{[%clk 0:03:29]} 44. axb5 {[%clk 0:21:48]} a5 {[%clk 0:03:54]} 45. b6
{[%clk 0:20:03]} Rh8 {[%clk 0:04:01]} 46. Bd3 {[%clk 0:19:29]} Rc8
{[%clk 0:02:29]} 47. Rb5 {[%clk 0:19:39]} Nd6 {[%clk 0:02:45]} 48. Rxd5
{[%clk 0:19:23]} Rxc2 {[%clk 0:02:42]} 49. Bxc2 {[%clk 0:19:48]} Nc8
{[%clk 0:03:08]} 50. Rxa5 {[%clk 0:19:56]} Nxb6 {[%clk 0:02:56]} 51. Rxh5
{[%clk 0:20:19]} Ke6 {[%clk 0:03:18]} 52. e4 {[%clk 0:20:21]} Kd5
{[%clk 0:03:07]} 1-0

[Event "15th International Khazar Cup (Masters) 2017"]
[Site "Rasht,Guilan,Iran"]
[Date "2017.01.24"]
[Round "6"]
[Board "7"]
[White "Lupulescu, Constantin"]
[Black "Mousavi, Seyed Khalil"]
[Result "1-0"]
[WhiteElo "2625"]
[BlackElo "2422"]
[PlyCount "0"]
[EventDate "2017.01.20"]
[EventRounds "9"]
[EventCountry "IRI"]

1. e4 {[%clk 1:30:56]} e6 {[%clk 1:30:07]} 2. d4 {[%clk 1:31:21]} d5
{[%clk 1:30:23]} 3. e5 {[%clk 1:31:48]} c5 {[%clk 1:29:57]} 4. c3
{[%clk 1:32:08]} Nc6 {[%clk 1:29:28]} 5. Nf3 {[%clk 1:32:32]} Nge7
{[%clk 1:29:50]} 6. Na3 {[%clk 1:32:46]} cxd4 {[%clk 1:26:22]} 7. cxd4
{[%clk 1:32:58]} Nf5 {[%clk 1:26:38]} 8. Nc2 {[%clk 1:33:00]} Bd7
{[%clk 1:25:55]} 9. Bd3 {[%clk 1:31:55]} Qb6 {[%clk 1:26:07]} 10. O-O
{[%clk 1:31:49]} a5 {[%clk 1:26:31]} 11. Kh1 {[%clk 1:31:59]} Rc8
{[%clk 1:26:21]} 12. Rb1 {[%clk 1:31:10]} Nb4 {[%clk 1:18:47]} 13. Nxb4
{[%clk 1:30:05]} axb4 {[%clk 1:18:13]} 14. a4 {[%clk 1:29:11]} Nxd4
{[%clk 1:01:23]} 15. Be3 {[%clk 1:28:32]} Bc5 {[%clk 1:01:34]} 16. Nxd4
{[%clk 1:28:41]} Bxd4 {[%clk 1:01:49]} 17. Qg4 {[%clk 1:28:55]} Bxe3
{[%clk 1:01:01]} 18. Qxg7 {[%clk 1:29:07]} Rf8 {[%clk 1:00:55]} 19. fxe3
{[%clk 1:29:30]} Qxe3 {[%clk 1:00:42]} 20. Bxh7 {[%clk 1:29:13]} Rc4
{[%clk 0:54:38]} 21. h3 {[%clk 1:27:26]} Rh4 {[%clk 0:52:53]} 22. Rf6
{[%clk 0:45:01]} Qxe5 {[%clk 0:42:12]} 23. Bg8 {[%clk 0:38:35]} Rxh3+
{[%clk 0:31:23]} 24. gxh3 {[%clk 0:38:32]} Qe4+ {[%clk 0:31:52]} 25. Kh2
{[%clk 0:38:26]} Qe5+ {[%clk 0:32:05]} 26. Kg1 {[%clk 0:35:56]} Qd4+
{[%clk 0:32:29]} 27. Kg2 {[%clk 0:35:01]} Qe4+ {[%clk 0:32:51]} 28. Rf3
{[%clk 0:34:16]} Qxb1 {[%clk 0:30:13]} 29. Bxf7+ {[%clk 0:34:13]} Rxf7
{[%clk 0:30:41]} 30. Qxf7+ {[%clk 0:27:27]} Kd8 {[%clk 0:30:56]} 31. Qf8+
{[%clk 0:27:36]} Kc7 {[%clk 0:30:45]} 32. Qc5+ {[%clk 0:23:47]} Bc6
{[%clk 0:31:13]} 33. Rf7+ {[%clk 0:22:07]} Kb8 {[%clk 0:31:37]} 34. Rf8+
{[%clk 0:21:55]} Kc7 {[%clk 0:32:00]} 35. Qe7+ {[%clk 0:20:17]} Bd7
{[%clk 0:31:55]} 36. Qc5+ {[%clk 0:15:52]} Bc6 {[%clk 0:31:59]} 37. Qe7+
{[%clk 0:13:50]} Bd7 {[%clk 0:31:50]} 38. Qxb4 {[%clk 0:13:56]} Qg6+
{[%clk 0:21:26]} 39. Qg4 {[%clk 0:13:54]} Qh7 {[%clk 0:20:34]} 40. Qg3+
{[%clk 0:12:45]} Kb6 {[%clk 0:18:46]} 41. Qe3+ {[%clk 0:12:29]} Kc7
{[%clk 0:16:26]} 42. Qe5+ {[%clk 0:11:51]} Kc6 {[%clk 0:15:54]} 43. Rf2
{[%clk 0:10:33]} Kb6 {[%clk 0:13:26]} 44. Kh2 {[%clk 0:08:45]} Bc6
{[%clk 0:12:41]} 45. b4 {[%clk 0:07:35]} Bxa4 {[%clk 0:09:27]} 46. Qxe6+
{[%clk 0:07:51]} Bc6 {[%clk 0:09:19]} 47. Qe3+ {[%clk 0:08:02]} Kc7
{[%clk 0:09:13]} 48. Qe5+ {[%clk 0:08:07]} Kb6 {[%clk 0:08:49]} 49. Qd4+
{[%clk 0:08:03]} Kc7 {[%clk 0:08:44]} 50. Rg2 {[%clk 0:07:22]} Bd7
{[%clk 0:08:11]} 51. Qc3+ {[%clk 0:07:01]} Kd8 {[%clk 0:07:38]} 52. Qg3
{[%clk 0:06:06]} Qe4 {[%clk 0:06:10]} 53. Qb8+ {[%clk 0:05:57]} Ke7
{[%clk 0:06:32]} 54. Rf2 {[%clk 0:05:54]} Bf5 {[%clk 0:03:09]} 55. Qxb7+
{[%clk 0:04:43]} Ke6 {[%clk 0:03:32]} 56. Qc8+ {[%clk 0:04:14]} 1-0

[Event "15th International Khazar Cup (Masters) 2017"]
[Site "Rasht,Guilan,Iran"]
[Date "2017.01.24"]
[Round "6"]
[Board "8"]
[White "Asgarizadeh, Ahmad"]
[Black "Zubov, Alexander"]
[Result "1/2-1/2"]
[WhiteElo "2421"]
[BlackElo "2606"]
[PlyCount "0"]
[EventDate "2017.01.20"]
[EventRounds "9"]
[EventCountry "IRI"]

1. e4 {[%clk 1:30:08]} e5 {[%clk 1:30:53]} 2. Nf3 {[%clk 1:30:33]} Nc6
{[%clk 1:31:19]} 3. Bc4 {[%clk 1:30:46]} Bc5 {[%clk 1:31:42]} 4. c3
{[%clk 1:31:06]} Nf6 {[%clk 1:32:07]} 5. d3 {[%clk 1:31:32]} a6 {[%clk 1:30:18]}
6. Bb3 {[%clk 1:30:47]} Ba7 {[%clk 1:29:49]} 7. h3 {[%clk 1:28:49]} d6
{[%clk 1:27:03]} 8. Nbd2 {[%clk 1:28:13]} O-O {[%clk 1:24:37]} 9. O-O
{[%clk 1:28:11]} h6 {[%clk 1:23:53]} 10. Re1 {[%clk 1:28:33]} Nh5
{[%clk 1:23:42]} 11. Nf1 {[%clk 1:27:59]} Qf6 {[%clk 1:24:01]} 12. Be3
{[%clk 1:27:55]} Bxe3 {[%clk 1:17:25]} 13. Nxe3 {[%clk 1:21:55]} Nf4
{[%clk 1:14:43]} 14. Nd5 {[%clk 1:20:53]} Nxd5 {[%clk 1:15:06]} 15. exd5
{[%clk 1:20:56]} Ne7 {[%clk 1:15:30]} 16. d4 {[%clk 1:20:57]} Ng6
{[%clk 1:15:41]} 17. dxe5 {[%clk 1:18:38]} dxe5 {[%clk 1:14:36]} 18. Bc2
{[%clk 1:18:05]} Bf5 {[%clk 1:14:38]} 19. Bxf5 {[%clk 1:09:22]} Qxf5
{[%clk 1:15:04]} 20. Qa4 {[%clk 1:08:15]} Rfd8 {[%clk 1:00:32]} 21. Rad1
{[%clk 1:06:13]} Rd6 {[%clk 1:00:16]} 22. c4 {[%clk 0:56:17]} Rad8
{[%clk 0:58:00]} 23. Qb3 {[%clk 0:52:19]} b6 {[%clk 0:56:14]} 24. Qc3
{[%clk 0:45:25]} f6 {[%clk 0:52:19]} 25. Nd2 {[%clk 0:40:12]} Nf4
{[%clk 0:51:51]} 26. Ne4 {[%clk 0:39:46]} R6d7 {[%clk 0:51:57]} 27. Qf3
{[%clk 0:38:07]} Qg6 {[%clk 0:45:22]} 28. Nc3 {[%clk 0:33:51]} b5
{[%clk 0:30:20]} 29. b3 {[%clk 0:30:31]} bxc4 {[%clk 0:25:52]} 30. bxc4
{[%clk 0:30:58]} Rb8 {[%clk 0:26:02]} 31. Kh2 {[%clk 0:22:06]} Rb4
{[%clk 0:24:12]} 32. g3 {[%clk 0:14:58]} Qh5 {[%clk 0:22:26]} 33. Qxh5
{[%clk 0:15:06]} Nxh5 {[%clk 0:22:54]} 34. Re4 {[%clk 0:15:16]} f5
{[%clk 0:22:52]} 35. Rxe5 {[%clk 0:14:52]} Rxc4 36. Rd3 {[%clk 0:13:31]} g6
{[%clk 0:22:39]} 37. Re6 {[%clk 0:10:59]} Rd6 {[%clk 0:21:48]} 38. Kg2
{[%clk 0:06:50]} Nf6 {[%clk 0:22:16]} 39. Rxd6 {[%clk 0:05:41]} cxd6
{[%clk 0:22:16]} 40. Nd1 {[%clk 0:05:09]} Rc2 {[%clk 0:19:32]} 41. a3 Ne4 42. g4
{[%clk 0:05:38]} f4 {[%clk 0:17:16]} 43. Rd4 {[%clk 0:05:43]} Nf6
{[%clk 0:11:45]} 1/2-1/2

[Event "15th International Khazar Cup (Masters) 2017"]
[Site "Rasht,Guilan,Iran"]
[Date "2017.01.24"]
[Round "6"]
[Board "9"]
[White "Bajarani, Ulvi"]
[Black "Toufighi, Homayoon"]
[Result "0-1"]
[WhiteElo "2486"]
[BlackElo "2407"]
[PlyCount "0"]
[EventDate "2017.01.20"]
[EventRounds "9"]
[EventCountry "IRI"]

1. c4 {[%clk 1:30:55]} c5 {[%clk 1:24:56]} 2. Nc3 {[%clk 1:31:11]} Nc6
{[%clk 1:25:17]} 3. g3 {[%clk 1:31:23]} e5 {[%clk 1:24:48]} 4. Bg2
{[%clk 1:31:46]} d6 {[%clk 1:23:53]} 5. d3 {[%clk 1:31:43]} g6 {[%clk 1:23:51]}
6. Nf3 {[%clk 1:31:34]} Bg7 {[%clk 1:24:09]} 7. Nd2 {[%clk 1:31:31]} Nge7
{[%clk 1:24:20]} 8. h4 {[%clk 1:25:30]} h6 {[%clk 1:14:38]} 9. h5
{[%clk 1:16:32]} g5 {[%clk 1:14:47]} 10. e4 {[%clk 1:16:33]} O-O {[%clk 1:11:58]}
11. Nf1 {[%clk 1:09:51]} f5 {[%clk 1:07:26]} 12. exf5 {[%clk 1:07:36]} Nxf5
{[%clk 1:05:59]} 13. Ne3 {[%clk 1:05:24]} Nfd4 {[%clk 1:06:05]} 14. O-O
{[%clk 0:54:35]} Be6 {[%clk 1:05:03]} 15. Ne4 {[%clk 0:54:36]} Qd7
{[%clk 1:04:59]} 16. g4 {[%clk 0:54:58]} Rf7 {[%clk 1:04:07]} 17. Bd2
{[%clk 0:51:28]} Raf8 {[%clk 1:03:01]} 18. f3 {[%clk 0:51:50]} b6
{[%clk 0:56:48]} 19. a3 {[%clk 0:51:24]} a5 {[%clk 0:55:05]} 20. Nc3
{[%clk 0:48:40]} Kh8 {[%clk 0:44:53]} 21. Rb1 {[%clk 0:44:59]} b5
{[%clk 0:32:16]} 22. cxb5 {[%clk 0:43:32]} Ne7 {[%clk 0:32:36]} 23. b4
{[%clk 0:38:39]} cxb4 {[%clk 0:24:01]} 24. axb4 {[%clk 0:38:57]} a4
{[%clk 0:24:03]} 25. Qxa4 {[%clk 0:33:05]} d5 {[%clk 0:21:59]} 26. Qd1
{[%clk 0:32:03]} Nxb5 {[%clk 0:20:13]} 27. Na4 {[%clk 0:32:09]} Qd6
{[%clk 0:19:36]} 28. Nc5 {[%clk 0:29:09]} Bc8 {[%clk 0:19:57]} 29. Kh1
{[%clk 0:27:16]} Nc6 {[%clk 0:19:12]} 30. Rc1 {[%clk 0:25:45]} Ncd4
{[%clk 0:19:06]} 31. Be1 {[%clk 0:20:50]} Ra7 {[%clk 0:17:56]} 32. Qd2
{[%clk 0:20:02]} Raf7 {[%clk 0:17:04]} 33. Qd1 {[%clk 0:20:24]} Ra7
{[%clk 0:15:53]} 34. Qd2 {[%clk 0:20:47]} Be6 {[%clk 0:14:51]} 35. Bg3
{[%clk 0:15:52]} Rfa8 {[%clk 0:14:57]} 36. Rf2 {[%clk 0:15:55]} Bg8
{[%clk 0:15:18]} 37. Qe1 {[%clk 0:15:07]} Ra2 {[%clk 0:13:26]} 38. Nc2
{[%clk 0:12:40]} Nxc2 {[%clk 0:12:04]} 39. Rfxc2 {[%clk 0:11:58]} Nd4
{[%clk 0:12:21]} 40. Rxa2 {[%clk 0:11:12]} Rxa2 {[%clk 0:12:48]} 41. Ra1
{[%clk 0:11:29]} Nc2 {[%clk 0:11:51]} 42. Rxa2 {[%clk 0:11:54]} Nxe1
{[%clk 0:12:18]} 43. Ra6 {[%clk 0:12:10]} Qf8 {[%clk 0:11:09]} 44. Bxe1
{[%clk 0:12:22]} Qf4 {[%clk 0:11:37]} 45. Bf2 {[%clk 0:10:38]} Qxb4
{[%clk 0:08:00]} 46. Ra8 {[%clk 0:10:10]} Qd2 {[%clk 0:07:59]} 47. Bg1
{[%clk 0:09:17]} e4 {[%clk 0:08:02]} 48. dxe4 {[%clk 0:09:14]} Qe1
{[%clk 0:08:02]} 0-1

[Event "15th International Khazar Cup (Masters) 2017"]
[Site "Rasht,Guilan,Iran"]
[Date "2017.01.24"]
[Round "6"]
[Board "11"]
[White "Sammalvuo, Tapani"]
[Black "Tsomaia, Nikoloz"]
[Result "1-0"]
[WhiteElo "2437"]
[BlackElo "2246"]
[PlyCount "0"]
[EventDate "2017.01.20"]
[EventRounds "9"]
[EventCountry "IRI"]

1. d4 {[%clk 1:30:58]} Nf6 {[%clk 1:30:52]} 2. c4 {[%clk 1:31:26]} c5
{[%clk 1:31:02]} 3. d5 {[%clk 1:31:51]} e6 {[%clk 1:30:44]} 4. Nc3
{[%clk 1:32:17]} exd5 {[%clk 1:31:10]} 5. cxd5 {[%clk 1:32:42]} d6
{[%clk 1:31:38]} 6. e4 {[%clk 1:32:55]} g6 {[%clk 1:32:04]} 7. Bd3
{[%clk 1:32:40]} Bg7 {[%clk 1:32:25]} 8. h3 {[%clk 1:33:08]} O-O {[%clk 1:32:41]}
9. Nf3 {[%clk 1:33:35]} b5 {[%clk 1:23:43]} 10. Nxb5 {[%clk 1:31:55]} Nxe4
{[%clk 1:21:20]} 11. Bxe4 {[%clk 1:32:22]} Re8 {[%clk 1:19:54]} 12. Ng5
{[%clk 1:32:48]} h6 {[%clk 0:51:39]} 13. Ne6 {[%clk 1:33:03]} fxe6
{[%clk 0:43:03]} 14. O-O {[%clk 1:28:35]} e5 {[%clk 0:36:38]} 15. Bxg6
{[%clk 1:28:38]} Rf8 {[%clk 0:37:03]} 16. Qh5 {[%clk 1:24:57]} Ba6
{[%clk 0:24:33]} 17. a4 {[%clk 1:21:18]} Nd7 {[%clk 0:21:34]} 18. Bxh6
{[%clk 1:19:52]} Nf6 {[%clk 0:21:48]} 19. Qh4 {[%clk 1:20:05]} Bxb5
{[%clk 0:18:00]} 20. axb5 {[%clk 1:19:57]} Bxh6 {[%clk 0:16:47]} 21. Qxh6
{[%clk 1:20:23]} Qe7 {[%clk 0:17:10]} 22. Bf5 {[%clk 1:17:13]} 1-0